|
|
|
|
| LEADER |
00000nas a2200000 a 4500 |
| 001 |
ssj0000504587 |
| 003 |
WaSeSS |
| 005 |
20200512172242.0 |
| 006 |
m d |
| 007 |
cr n |
| 008 |
110815c20119999nz uu s 0 a0eng c |
| 010 |
|
|
|a 2012247794
|
| 016 |
7 |
|
|a 101607588
|2 DNLM
|
| 022 |
|
|
|a 1179-9935
|l 1179-9935
|
| 035 |
|
|
|a (WaSeSS)ssj0000504587
|
| 040 |
|
|
|a FQM
|b eng
|c FQM
|d S4S
|d OCLCQ
|d OCLCO
|d OCLCQ
|d PFM
|d CUS
|d EUW
|d NLM
|d OCLCQ
|d WT2
|d OCLCO
|d OCLCA
|d OCLCF
|d OCLCQ
|d AU@
|d OCLCQ
|d UAB
|d OCLCQ
|d RDF
|d OCLCQ
|d SFB
|d OCLCQ
|d WaSeSS
|
| 042 |
|
|
|a pcc
|
| 050 |
|
4 |
|a RJ251
|
| 060 |
0 |
0 |
|a W1
|
| 210 |
1 |
0 |
|a Res Rep Neonatol
|2 dnlm
|
| 210 |
1 |
|
|a Res. rep. neonatol.
|
| 222 |
|
0 |
|a Research and reports in neonatology
|
| 245 |
0 |
0 |
|a Research and reports in neonatology
|h [electronic resource].
|
| 260 |
|
|
|a [Auckland, NZ] :
|b Dove Medical Press
|
| 362 |
1 |
|
|a Began with vol. 1 (2011).
|
| 506 |
|
|
|a License restrictions may limit access.
|
| 515 |
|
|
|a Articles added irregularly during the year and collected into annual issues.
|
| 588 |
0 |
|
|a Vol. 1 (2011); title from journal home page (Publisher's Web site, viewed Aug. 15, 2011).
|
| 588 |
1 |
|
|a 2015:5 (viewed Nov. 19, 2015).
|
| 650 |
|
0 |
|a Neonatology
|v Periodicals.
|
| 650 |
|
0 |
|a Neonatology
|x Research
|v Periodicals.
|
| 650 |
1 |
2 |
|a Infant, Newborn, Diseases.
|
| 650 |
2 |
2 |
|a Neonatology.
|
| 650 |
|
7 |
|a Neonatology.
|2 fast
|0 (OCoLC)fst01432070
|
| 655 |
|
0 |
|a Electronic journals.
|
| 856 |
4 |
0 |
|z Full text available from Research Library: 01/01/2011 to present
|u https://search.proquest.com/publication/3933284
|